[Event "Titled Tuesday intern op 27th Feb Late"]
[Site "Chess.com INT"]
[Date "2024.02.27"]
[Round "9"]
[White "Annaberdiev, Meilis"]
[Black "Boor, Carl Brandon"]
[Result "1-0"]
[WhiteElo "2467"]
[BlackElo "2231"]
[PlyCount "83"]
[EventDate "2024.02.27"]
[EventType "swiss (blitz)"]
[EventRounds "11"]
[EventCountry "USA"]
[SourceTitle "CB10_2024"]
[SourceDate "2024.03.06"]
[SourceVersion "1"]
[SourceVersionDate "2024.03.06"]
[SourceQuality "1"]

1. e4 e5 2. Nf3 Nf6 3. Nxe5 d6 4. Nf3 Nxe4 5. d3 Nf6 6. d4 g6 7. c4 Bg7 8. h3 0-0 9. Be2 Re8 10. 0-0 b6 11. Nc3 Bb7 12. d5 Nbd7 13. Nd4 Nc5 14. Bf3 Qd7 15. Be3 a5 16. Qc2 Re7 17. Nc6 Rxe3 18. fxe3 Qe8 19. Nb5 Qd7 20. e4 Re8 21. Rae1 Bxc6 22. dxc6 Qe7 23. b3 h5 24. a3 Nh7 25. b4 axb4 26. axb4 Ne6 27. e5 Bxe5 28. Bd5 Kg7 29. Kh1 Nhf8 30. Re3 Qg5 31. Nxc7 Nxc7 32. Rxf7+ Kh8 33. Rxe5 dxe5 34. Rxc7 Nh7 35. Qf2 Rf8 36. Rxh7+ Kxh7 37. Qxf8 Qc1+ 38. Kh2 Qe3 39. Bg8+ Kh8 40. Bf7+ Kh7 41. Qg8+ Kh6 42. Qxg6# 1-0

[Event "Titled Tuesday intern op 27th Feb Late"]
[Site "Chess.com INT"]
[Date "2024.02.27"]
[Round "5"]
[White "Annaberdiev, Meilis"]
[Black "Pinero Rodriguez, Carlos Jose"]
[Result "1-0"]
[WhiteElo "2467"]
[BlackElo "2242"]
[PlyCount "107"]
[EventDate "2024.02.27"]
[EventType "swiss (blitz)"]
[EventRounds "11"]
[EventCountry "USA"]
[SourceTitle "CB10_2024"]
[SourceDate "2024.03.06"]
[SourceVersion "1"]
[SourceVersionDate "2024.03.06"]
[SourceQuality "1"]

1. e4 c5 2. Nf3 e6 3. d3 Nc6 4. g3 d5 5. Bg2 Nf6 6. Nbd2 Be7 7. 0-0 0-0 8. Re1 b5 9. e5 Nd7 10. Nf1 a5 11. h4 b4 12. Bf4 Nd4 13. Nxd4 cxd4 14. Nh2 Bb7 15. Qg4 Kh8 16. Nf3 h6 17. Nxd4 Rc8 18. Qh5 Kh7 19. Rac1 Ba6 20. Bh3 Nc5 21. Nf3 Qe8 22. Be3 f5 23. Qxe8 Rfxe8 24. Nd4 h5 25. Bg5 Bxg5 26. hxg5 g6 27. Bf1 Kg7 28. f4 Na4 29. Rb1 Kf7 30. Kf2 Rc7 31. Ke3 Rec8 32. Re2 Nc5 33. Rh2 Nb7 34. Be2 Nd8 35. Bxh5 gxh5 36. Rxh5 Kg7 37. Rbh1 Rxc2 38. Rh7+ Kg8 39. Rh8+ Kg7 40. Nxc2 Rxc2 41. Rxd8 Rg2 42. Rd7+ Kg8 43. Rh3 Rxb2 44. g6 Rg2 45. Kd4 a4 46. Ra7 b3 47. axb3 axb3 48. Rxa6 b2 49. Rb6 Kg7 50. Rh7+ Kxg6 51. Rhb7 Rxg3 52. Rxe6+ Kh5 53. Reb6 Rf3 54. Rxb2 1-0

[Event "Titled Tuesday intern op 13th Feb Late"]
[Site "Chess.com INT"]
[Date "2024.02.13"]
[Round "5"]
[White "Annaberdiev, Meilis"]
[Black "Bernadskiy, Vitaliy"]
[Result "0-1"]
[WhiteElo "2467"]
[BlackElo "2572"]
[PlyCount "84"]
[EventDate "2024.02.13"]
[EventType "swiss (blitz)"]
[EventRounds "11"]
[EventCountry "USA"]
[SourceTitle "CB08_2024"]
[SourceDate "2024.02.21"]
[SourceVersion "1"]
[SourceVersionDate "2024.02.21"]
[SourceQuality "1"]

1. e4 e5 2. Nf3 Nc6 3. Bc4 Bc5 4. d3 Nf6 5. 0-0 d6 6. a4 a6 7. c3 Ba7 8. Na3 Ne7 9. Nc2 0-0 10. Be3 Bxe3 11. Nxe3 Ng6 12. a5 c6 13. Bb3 d5 14. Bc2 Be6 15. Re1 Re8 16. g3 d4 17. Nf1 Bg4 18. N1d2 Nh5 19. Qe2 Qf6 20. Bd1 dxc3 21. bxc3 Rad8 22. Qf1 Nhf4 23. d4 Ne6 24. Rb1 exd4 25. cxd4 Bxf3 26. Nxf3 Nxd4 27. Nxd4 Rxd4 28. Rxb7 h6 29. Bb3 Ne5 30. f4 Rd7 31. Rxd7 Nxd7 32. e5 Qd8 33. Qc4 Re7 34. e6 Qxa5 35. exf7+ Kf8 36. Rxe7 Kxe7 37. Qe6+ Kd8 38. Qe8+ Kc7 39. Be6 Qc5+ 40. Kg2 Nf8 41. Qc8+ Kb6 42. Qb8+ Ka5 0-1

[Event "Titled Tuesday intern op 13th Feb Late"]
[Site "Chess.com INT"]
[Date "2024.02.13"]
[Round "3"]
[White "Mardov, Dimitar"]
[Black "Annaberdiev, Meilis"]
[Result "1-0"]
[WhiteElo "2457"]
[BlackElo "2467"]
[PlyCount "59"]
[EventDate "2024.02.13"]
[EventType "swiss (blitz)"]
[EventRounds "11"]
[EventCountry "USA"]
[SourceTitle "CB08_2024"]
[SourceDate "2024.02.21"]
[SourceVersion "1"]
[SourceVersionDate "2024.02.21"]
[SourceQuality "1"]

1. Nf3 d5 2. e3 Nf6 3. c4 e6 4. Nc3 c5 5. cxd5 exd5 6. d4 Nc6 7. dxc5 Bxc5 8. Be2 0-0 9. 0-0 a6 10. a3 Ba7 11. h3 Be6 12. Nd4 Nxd4 13. exd4 Ne4 14. Be3 Qd6 15. Bd3 f5 16. f4 Rac8 17. Rc1 Nxc3 18. bxc3 Qxa3 19. Qd2 Bb6 20. Rfe1 Ba5 21. Ra1 Rxc3 22. Rxa3 Rxa3 23. Qe2 Bxe1 24. Bc1 Rxd3 25. Qxe6+ Kh8 26. Qxe1 h6 27. Kh2 Rc8 28. Bd2 Rxd4 29. Qe6 Rg8 30. Bc3 1-0

[Event "Titled Tuesday intern op 13th Feb Late"]
[Site "Chess.com INT"]
[Date "2024.02.13"]
[Round "1"]
[White "Rodrigues Mota, Romulo Cardoso S"]
[Black "Annaberdiev, Meilis"]
[Result "0-1"]
[WhiteElo "1964"]
[BlackElo "2467"]
[PlyCount "85"]
[EventDate "2024.02.13"]
[EventType "swiss (blitz)"]
[EventRounds "11"]
[EventCountry "USA"]
[SourceTitle "CB08_2024"]
[SourceDate "2024.02.21"]
[SourceVersion "1"]
[SourceVersionDate "2024.02.21"]
[SourceQuality "1"]

1. e4 c5 2. Nf3 Nc6 3. d4 cxd4 4. Nxd4 e5 5. Nb5 d6 6. N1c3 a6 7. Na3 Be7 8. Bd3 Nf6 9. Bg5 0-0 10. 0-0 Be6 11. Bxf6 Bxf6 12. Nd5 Bxd5 13. exd5 Ne7 14. c4 e4 15. Bxe4 Bxb2 16. Bxh7+ Kxh7 17. Qc2+ Ng6 18. Qxb2 Qg5 19. Qc3 Rac8 20. Qg3 Qxg3 21. hxg3 Ne5 22. Rab1 Rc7 23. Rb6 Rd8 24. f4 Nd3 25. Rf3 Nc5 26. g4 Re7 27. f5 f6 28. Nc2 Re4 29. g5 fxg5 30. f6 gxf6 31. Rxf6 Rxc4 32. Ne3 Rc1+ 33. Kh2 Kg7 34. Rfxd6 Rh8+ 35. Kg3 Ne4+ 36. Kg4 Rh4+ 37. Kf5 Rf4+ 38. Ke5 Nxd6 39. Kxd6 Rf6+ 40. Ke7 Rxb6 41. d6 Re1 42. d7 Rxe3+ 43. Kd8 0-1

[Event "Titled Tuesday intern op 06th Feb Late"]
[Site "Chess.com INT"]
[Date "2024.02.06"]
[Round "10"]
[White "Annaberdiev, Meilis"]
[Black "Krzywda, Andrzej"]
[Result "1-0"]
[WhiteElo "2467"]
[BlackElo "2211"]
[PlyCount "105"]
[EventDate "2024.02.06"]
[EventType "swiss (blitz)"]
[EventRounds "11"]
[EventCountry "USA"]
[SourceTitle "CB07_2024"]
[SourceDate "2024.02.14"]
[SourceVersion "1"]
[SourceVersionDate "2024.02.14"]
[SourceQuality "1"]

1. e4 e5 2. Nf3 Nf6 3. d4 Nxe4 4. Bd3 d5 5. Nxe5 Bd6 6. 0-0 0-0 7. Nc3 Nxc3 8. bxc3 Nd7 9. Re1 c5 10. Bf4 c4 11. Be2 Nf6 12. Bf3 h6 13. Rb1 Rb8 14. Qd2 Bf5 15. Bg3 Ne4 16. Bxe4 Bxe4 17. f3 Bf5 18. Rb5 Bc7 19. Reb1 b6 20. Nc6 Qd7 21. Nxb8 Bxb8 22. Bxb8 Rxb8 23. a4 Re8 24. a5 bxa5 25. Rxa5 Qe6 26. Kf2 Qf6 27. Rxd5 Qh4+ 28. Kg1 Bxc2 29. Re5 Rxe5 30. Rb8+ Kh7 31. dxe5 Bd3 32. Qe3 a5 33. Ra8 a4 34. Rxa4 Qd8 35. Ra1 Qd5 36. Re1 Qa5 37. Qd2 Qb6+ 38. Kh1 Kg8 39. h3 Kh7 40. Qe3 Qb2 41. Qd4 Qd2 42. Rg1 Qe2 43. Qd5 Bg6 44. Qd4 Bd3 45. Qf4 Kg8 46. Kh2 Qc2 47. Qd4 Qe2 48. Qf4 Qc2 49. e6 fxe6 50. Qe5 Bf5 51. Ra1 Qf2 52. Ra8+ Kh7 53. Re8 1-0

[Event "Skopje op"]
[Site "Skopje"]
[Date "2023.12.08"]
[Round "4"]
[White "Annaberdiev, Meilis"]
[Black "Baskin, Robert"]
[Result "0-1"]
[WhiteElo "2458"]
[BlackElo "2472"]
[PlyCount "108"]
[EventDate "2023.12.06"]
[EventType "swiss"]
[EventRounds "9"]
[EventCountry "MKD"]
[SourceTitle "CB50_2023"]
[SourceDate "2023.12.13"]
[SourceVersion "1"]
[SourceVersionDate "2023.12.13"]
[SourceQuality "1"]

1. e4 c5 2. Nf3 d6 3. c3 Nf6 4. Be2 Bd7 5. d3 g6 6. 0-0 Bg7 7. Nbd2 Nc6 8. d4 cxd4 9. cxd4 Rc8 10. a3 d5 11. e5 Ne4 12. Nxe4 dxe4 13. Ng5 h6 14. Nxe4 Bf5 15. Ng3 Qxd4 16. Nxf5 gxf5 17. e6 Qxd1 18. Rxd1 fxe6 19. Bh5+ Kf8 20. Rd7 Rb8 21. Rb1 Bf6 22. b4 Kg7 23. Rd3 Kh7 24. b5 Ne5 25. Rh3 Rhd8 26. Bf4 Rbc8 27. Be2 Nf7 28. Bh5 Rc4 29. Bxf7 Rxf4 30. Bxe6 Rd2 31. Rf3 Rxf3 32. gxf3 Kg6 33. b6 axb6 34. Rb5 Bd4 35. Bxf5+ Kg5 36. Be6+ Kf6 37. Bg4 e5 38. h4 Bxf2+ 39. Kh1 Bc5 40. Rb3 h5 41. Bxh5 Kf5 42. f4 e4 43. Rg3 Kxf4 44. Rg4+ Ke3 45. Rg3+ Kf2 46. Rg2+ Ke1 47. Rg4 Kf1 48. Be8 Kf2 49. Rg2+ Ke3 50. h5 Rd1+ 51. Kh2 Bd6+ 52. Kh3 Kf3 53. Rh2 Bxh2 54. h6 Rd6 0-1

[Event "Mersin op 7th"]
[Site "Mersin"]
[Date "2023.11.15"]
[Round "6"]
[White "Gurbanov, Ismayil"]
[Black "Annaberdiev, Meilis"]
[Result "1/2-1/2"]
[WhiteElo "2107"]
[BlackElo "2471"]
[PlyCount "91"]
[EventDate "2023.11.12"]
[EventType "swiss"]
[EventRounds "9"]
[EventCountry "TUR"]
[SourceTitle "CB47_2023"]
[SourceDate "2023.11.22"]
[SourceVersion "1"]
[SourceVersionDate "2023.11.22"]
[SourceQuality "1"]

1. e4 e5 2. Nf3 Nc6 3. Bc4 Bc5 4. c3 Nf6 5. d4 exd4 6. cxd4 Bb4+ 7. Bd2 Bxd2+ 8. Nbxd2 d5 9. exd5 Nxd5 10. Qb3 Nce7 11. 0-0 0-0 12. Rfe1 c6 13. a4 a5 14. Ne4 Nb4 15. Nc3 Ned5 16. Nxd5 cxd5 17. Bf1 Bf5 18. Rac1 Rc8 19. h3 Bc2 20. Qa3 Be4 21. Rxc8 Qxc8 22. Qc3 Bxf3 23. Qxf3 Qc2 24. Bb5 Qxb2 25. Be8 f5 26. Qe3 Nc2 27. Bf7+ Kh8 28. Qe8 Qa3 29. Re7 Qc1+ 30. Kh2 Qf4+ 31. Kg1 Qb8 32. Qd7 Nxd4 33. Bxd5 Rd8 34. Qxb7 Qxb7 35. Bxb7 g6 36. h4 Rd6 37. Kh2 Rb6 38. Re8+ Kg7 39. Re7+ Kh8 40. Re8+ Kg7 41. Re7+ Kf6 42. Rxh7 Rb4 43. Bd5 Rxa4 44. f4 Ne6 45. g3 Nxf4 46. gxf4 1/2-1/2

[Event "Mersin op 7th"]
[Site "Mersin"]
[Date "2023.11.13"]
[Round "3"]
[White "Rzayev, Chingiz Qafar Oglu"]
[Black "Annaberdiev, Meilis"]
[Result "0-1"]
[WhiteElo "2088"]
[BlackElo "2471"]
[PlyCount "100"]
[EventDate "2023.11.12"]
[EventType "swiss"]
[EventRounds "9"]
[EventCountry "TUR"]
[SourceTitle "CB47_2023"]
[SourceDate "2023.11.22"]
[SourceVersion "1"]
[SourceVersionDate "2023.11.22"]
[SourceQuality "1"]

1. e4 c5 2. Nc3 Nc6 3. f4 g6 4. Nf3 Bg7 5. Bb5 Nd4 6. Nxd4 cxd4 7. Ne2 a6 8. Bd3 d6 9. c3 e5 10. 0-0 Nf6 11. cxd4 exd4 12. b3 0-0 13. Bb2 Re8 14. Bxd4 Bg4 15. Bxf6 Bxf6 16. Rc1 Bb2 17. Rc2 Bd4+ 18. Kh1 d5 19. e5 f6 20. Qe1 Bxe2 21. Qxe2 fxe5 22. fxe5 Bxe5 23. Qg4 Qd6 24. h3 Kg7 25. Rcc1 Rf8 26. Rce1 Rxf1+ 27. Rxf1 Re8 28. Qf3 Bf6 29. g4 Re5 30. Kg2 Qe7 31. Rf2 Bg5 32. Bf1 Bh4 33. Re2 Re4 34. d3 Re5 35. Rxe5 Qxe5 36. Qe2 Qg3+ 37. Kh1 Bf6 38. Bg2 Be5 39. Kg1 Qf4 40. Qf3 Qh2+ 41. Kf1 Bd4 42. Ke2 Qc7 43. Kd1 Qc3 44. Qf1 Qa1+ 45. Ke2 Qxa2+ 46. Kf3 Qxb3 47. Qe2 Qa3 48. g5 Qd6 49. Kg4 Be5 50. d4 Qe6+ 0-1

[Event "Titled Tuesday intern op 24th Oct Late"]
[Site "Chess.com INT"]
[Date "2023.10.24"]
[Round "6"]
[White "Annaberdiev, Meilis"]
[Black "Omariev, Maksim"]
[Result "0-1"]
[WhiteElo "2471"]
[BlackElo "2304"]
[PlyCount "52"]
[EventDate "2023.10.24"]
[EventType "swiss (blitz)"]
[EventRounds "11"]
[EventCountry "USA"]
[SourceTitle "Mega2024 Update 01"]
[Source "Chessbase"]
[SourceDate "2023.11.12"]
[SourceVersion "1"]
[SourceVersionDate "2023.11.12"]
[SourceQuality "1"]

1. e4 c5 2. Nc3 d6 3. Bc4 e6 4. d3 a6 5. a3 b5 6. Ba2 Bb7 7. Nge2 Nf6 8. 0-0 Be7 9. f4 0-0 10. f5 d5 11. fxe6 fxe6 12. Nf4 Qd7 13. e5 Ne8 14. Qg4 Nc7 15. Bd2 b4 16. axb4 cxb4 17. Nce2 Nc6 18. d4 Rf7 19. c4 dxc4 20. Bxc4 Nxd4 21. Be3 Nc2 22. Rad1 Qc6 23. Bxe6 Nxe6 24. Nd5 Nxe3 25. Nxe3 Rxf1+ 26. Rxf1 Bc5 0-1

[Event "Titled Tuesday intern op 24th Oct Late"]
[Site "Chess.com INT"]
[Date "2023.10.24"]
[Round "7"]
[White "Gerbelli Neto, Eduardo"]
[Black "Annaberdiev, Meilis"]
[Result "0-1"]
[WhiteElo "2114"]
[BlackElo "2471"]
[PlyCount "40"]
[EventDate "2023.10.24"]
[EventType "swiss (blitz)"]
[EventRounds "11"]
[EventCountry "USA"]
[SourceTitle "Mega2024 Update 01"]
[Source "Chessbase"]
[SourceDate "2023.11.12"]
[SourceVersion "1"]
[SourceVersionDate "2023.11.12"]
[SourceQuality "1"]

1. e4 c5 2. Nc3 Nc6 3. f4 g6 4. Nf3 Bg7 5. Bc4 e6 6. f5 Nge7 7. fxe6 fxe6 8. d3 d5 9. Bb3 b5 10. 0-0 c4 11. dxc4 dxc4 12. Qxd8+ Kxd8 13. Nxb5 cxb3 14. Ng5 bxc2 15. Rf2 Nd4 16. Rd2 Nec6 17. Nf7+ Ke7 18. Nxh8 Bxh8 19. a4 a6 20. Nc3 Nb3 0-1

[Event "Istanbul op"]
[Site "Istanbul"]
[Date "2023.09.01"]
[Round "9"]
[White "Annaberdiev, Meilis"]
[Black "Abdulov, Orkhan Javanshir"]
[Result "1/2-1/2"]
[WhiteElo "2482"]
[BlackElo "2401"]
[PlyCount "78"]
[EventDate "2023.08.26"]
[EventType "swiss"]
[EventRounds "9"]
[EventCountry "TUR"]
[SourceTitle "EXT 2024"]
[Source "ChessBase"]
[SourceDate "2023.10.10"]
[SourceVersion "1"]
[SourceVersionDate "2023.10.10"]
[SourceQuality "1"]

1. d4 Nf6 2. Nf3 d5 3. c4 c6 4. Qc2 g6 5. cxd5 cxd5 6. Bf4 Nc6 7. Nc3 Bg7 8. e3 0-0 9. Be2 Nh5 10. Be5 Nxe5 11. Nxe5 Nf6 12. Qb3 Qa5 13. 0-0 Rd8 14. Rfc1 e6 15. Rc2 Bf8 16. Rac1 Qb4 17. Qxb4 Bxb4 18. Nb5 Bd7 19. Nxd7 Nxd7 20. Rc7 a6 21. Nc3 Rab8 22. Na4 Bd6 23. R7c2 Kf8 24. a3 Ke7 25. h4 h5 26. Kf1 b5 27. Nc5 Nxc5 28. dxc5 Bc7 29. b4 d4 30. exd4 Rxd4 31. g3 f5 32. Rd1 Rbd8 33. Rxd4 Rxd4 34. Bf3 Rd3 35. Bc6 f4 36. gxf4 Bxf4 37. Ra2 Bc1 38. a4 bxa4 39. Rxa4 Ra3 1/2-1/2

[Event "Istanbul op"]
[Site "Istanbul"]
[Date "2023.08.30"]
[Round "6"]
[White "Yadegar, Radin"]
[Black "Annaberdiev, Meilis"]
[Result "0-1"]
[WhiteElo "2255"]
[BlackElo "2482"]
[PlyCount "54"]
[EventDate "2023.08.26"]
[EventType "swiss"]
[EventRounds "9"]
[EventCountry "TUR"]
[SourceTitle "EXT 2024"]
[Source "ChessBase"]
[SourceDate "2023.10.10"]
[SourceVersion "1"]
[SourceVersionDate "2023.10.10"]
[SourceQuality "1"]

1. d4 Nf6 2. c4 e6 3. Nc3 Bb4 4. Qc2 d5 5. cxd5 exd5 6. Bg5 h6 7. Bh4 Nc6 8. e3 g5 9. Bg3 h5 10. Bd3 Qe7 11. 0-0-0 Bxc3 12. Qxc3 Nb4 13. Qa3 Ne4 14. Bxe4 dxe4 15. Kd2 c5 16. dxc5 Qxc5 17. Qc3 Qxc3+ 18. bxc3 Nd3 19. h4 Bg4 20. f3 0-0-0 21. Ke2 Be6 22. Rd2 Bc4 23. Kd1 Rh6 24. Ne2 Rb6 25. Nc1 Rb1 26. Rxd3 exd3 27. Be1 d2 0-1

[Event "Istanbul op"]
[Site "Istanbul"]
[Date "2023.08.28"]
[Round "4"]
[White "Gunduz, Umut Erdem"]
[Black "Annaberdiev, Meilis"]
[Result "0-1"]
[WhiteElo "2301"]
[BlackElo "2482"]
[PlyCount "88"]
[EventDate "2023.08.26"]
[EventType "swiss"]
[EventRounds "9"]
[EventCountry "TUR"]
[SourceTitle "EXT 2024"]
[Source "ChessBase"]
[SourceDate "2023.10.10"]
[SourceVersion "1"]
[SourceVersionDate "2023.10.10"]
[SourceQuality "1"]

1. e4 e5 2. Nf3 Nc6 3. Bc4 Nf6 4. d4 exd4 5. e5 d5 6. Bb5 Ne4 7. Nxd4 Bd7 8. Bxc6 bxc6 9. 0-0 c5 10. Ne2 Bc6 11. f3 Ng5 12. Nd2 Ne6 13. f4 g6 14. Ng3 d4 15. Nde4 Be7 16. Qe1 Qd5 17. f5 gxf5 18. Rxf5 0-0-0 19. Rxf7 Bh4 20. Qe2 Bxg3 21. Nxg3 Rhg8 22. Qf3 Qxf3 23. gxf3 d3 24. cxd3 Rxd3 25. Kf2 Rd1 26. f4 Nd4 27. f5 h5 28. Rh7 Rd3 29. Be3 Nc2 30. Rc1 Nxe3 31. Rxc5 Ng4+ 32. Ke2 Re3+ 33. Kd2 Rd8+ 34. Kc2 Nxe5 35. Re7 Nd3 36. Rxe3 Nxc5 37. f6 h4 38. Nh5 Be4+ 39. Kc3 Bg6 40. Nf4 Na4+ 41. Kb3 Bf7+ 42. Ka3 Nb6 43. Re7 Rd4 44. Ne2 Ra4# 0-1

[Event "Titled Tuesday intern op 22nd Aug Late"]
[Site "Chess.com INT"]
[Date "2023.08.22"]
[Round "3"]
[White "Annaberdiev, Meilis"]
[Black "Chigaev, Maksim"]
[Result "0-1"]
[WhiteElo "2482"]
[BlackElo "2616"]
[PlyCount "64"]
[EventDate "2023.08.22"]
[EventType "swiss (blitz)"]
[EventRounds "11"]
[EventCountry "USA"]
[SourceTitle "EXT 2024"]
[Source "ChessBase"]
[SourceDate "2023.10.10"]
[SourceVersion "1"]
[SourceVersionDate "2023.10.10"]
[SourceQuality "1"]

1. e4 e5 2. Nf3 Nc6 3. Bc4 Nf6 4. d3 Bc5 5. c3 d6 6. 0-0 h6 7. Re1 0-0 8. h3 a5 9. Nbd2 a4 10. Bb5 Bd7 11. Nf1 Qb8 12. Nh4 a3 13. b4 Bb6 14. Qf3 Qd8 15. Bc4 Kh7 16. Nf5 Ng8 17. N1g3 g6 18. Ne3 Bxe3 19. Bxe3 f5 20. exf5 gxf5 21. d4 e4 22. Qf4 Nce7 23. f3 d5 24. fxe4 dxc4 25. Qf3 fxe4 26. Qxe4+ Nf5 27. Nxf5 Bxf5 28. Qxb7 Qd6 29. Rf1 Rae8 30. Bf4 Qg6 31. Qxc7+ Rf7 32. Qc6 Qxc6 0-1

[Event "Titled Tuesday intern op 22nd Aug Late"]
[Site "Chess.com INT"]
[Date "2023.08.22"]
[Round "1"]
[White "Annaberdiev, Meilis"]
[Black "Fernandez, Maria Florencia"]
[Result "1-0"]
[WhiteElo "2482"]
[BlackElo "2060"]
[PlyCount "101"]
[EventDate "2023.08.22"]
[EventType "swiss (blitz)"]
[EventRounds "11"]
[EventCountry "USA"]
[SourceTitle "EXT 2024"]
[Source "ChessBase"]
[SourceDate "2023.10.10"]
[SourceVersion "1"]
[SourceVersionDate "2023.10.10"]
[SourceQuality "1"]

1. e4 d6 2. d4 Nf6 3. Nc3 g6 4. Nf3 Bg7 5. Be2 c6 6. a4 0-0 7. 0-0 a5 8. h3 Na6 9. Bg5 h6 10. Be3 Nb4 11. Nd2 e5 12. dxe5 dxe5 13. Ncb1 Be6 14. c3 Nd3 15. Qc2 Nf4 16. Bc4 Qe7 17. Re1 N6h5 18. Bf1 f5 19. Kh2 g5 20. exf5 Bxf5 21. Ne4 Qe6 22. Nbd2 Qg6 23. g4 Bxe4 24. Qxe4 Qxe4 25. Nxe4 Nf6 26. Nxf6+ Bxf6 27. Rad1 Rfd8 28. Bb6 Rxd1 29. Rxd1 Kf7 30. Bc4+ Kg6 31. Rd6 Kg7 32. Rd7+ Kg6 33. Bf7+ Kg7 34. Be6+ Kh8 35. Bf5 Re8 36. Rxb7 Kg8 37. Bxa5 Nd5 38. Bb6 e4 39. a5 Ra8 40. Bc5 Be5+ 41. Kg1 Nf4 42. Bxe4 Rxa5 43. Ba3 Ne2+ 44. Kg2 Nf4+ 45. Kf3 Nxh3 46. Bxc6 Ra6 47. Bd5+ Kh8 48. Re7 Bg7 49. Re8+ Kh7 50. Be4+ Rg6 51. Re6 1-0

[Event "Titled Tuesday intern op 22nd Aug Late"]
[Site "Chess.com INT"]
[Date "2023.08.22"]
[Round "6"]
[White "Annaberdiev, Meilis"]
[Black "Geivondian, Arman"]
[Result "0-1"]
[WhiteElo "2482"]
[BlackElo "2306"]
[PlyCount "98"]
[EventDate "2023.08.22"]
[EventType "swiss (blitz)"]
[EventRounds "11"]
[EventCountry "USA"]
[SourceTitle "EXT 2024"]
[Source "ChessBase"]
[SourceDate "2023.10.10"]
[SourceVersion "1"]
[SourceVersionDate "2023.10.10"]
[SourceQuality "1"]

1. e4 c6 2. d4 d5 3. e5 Bf5 4. Nf3 e6 5. c3 Nd7 6. Be2 h6 7. 0-0 Ne7 8. Na3 g5 9. Nc2 Bg7 10. Ne3 Bg6 11. Bd3 Qc7 12. b3 0-0-0 13. Ba3 Nb6 14. Bd6 Rxd6 15. exd6 Qxd6 16. Re1 Nd7 17. b4 e5 18. Bxg6 Nxg6 19. Nf5 Qf6 20. Nxg7 Qxg7 21. dxe5 Nf4 22. Qd4 b6 23. g3 Ne6 24. Qd3 g4 25. Nd4 Kb7 26. Nf5 Qg6 27. Nd6+ Ka8 28. Qa6 Rb8 29. a4 Ng5 30. a5 Nf3+ 31. Kh1 Qh5 32. h4 Nxh4 33. gxh4 Qxh4+ 34. Kg1 g3 35. Kf1 gxf2 36. Reb1 Qh1+ 37. Kxf2 Qh2+ 38. Kf1 Qf4+ 39. Ke1 Qxe5+ 40. Kd2 Qxd6 41. axb6 Rb7 42. Rg1 Qh2+ 43. Qe2 Qxe2+ 44. Kxe2 Rxb6 45. Rg7 Ne5 46. Rh7 Rb8 47. Rxh6 Re8 48. Kd2 Nc4+ 49. Kd3 Kb7 0-1

[Event "Ankara Baskent Univ op 6th"]
[Site "Ankara"]
[Date "2023.08.19"]
[Round "7"]
[White "Annaberdiev, Meilis"]
[Black "Petriashvili, Nikoloz"]
[Result "1/2-1/2"]
[WhiteElo "2482"]
[BlackElo "2458"]
[PlyCount "85"]
[EventDate "2023.08.15"]
[EventType "swiss"]
[EventRounds "9"]
[EventCountry "TUR"]
[SourceTitle "CBM 215 Extra"]
[Source "ChessBase"]
[SourceDate "2023.09.30"]
[SourceVersion "1"]
[SourceVersionDate "2023.09.30"]
[SourceQuality "1"]

1. e4 e5 2. Nf3 Nc6 3. Bc4 Nf6 4. d3 Bc5 5. 0-0 d6 6. c3 a5 7. Re1 0-0 8. h3 Be6 9. Bb5 Ba7 10. Nbd2 Ne7 11. d4 Ng6 12. Nf1 exd4 13. Nxd4 Bd7 14. Bxd7 Nxd7 15. Ng3 Re8 16. Ndf5 Nh4 17. Qg4 Nxf5 18. Nxf5 g6 19. Bg5 f6 20. Bh6 Ne5 21. Qg3 Nf7 22. h4 Nxh6 23. Nxh6+ Kg7 24. Ng4 h5 25. Ne3 Bxe3 26. Rxe3 Qd7 27. Rae1 a4 28. f4 Ra5 29. f5 Qf7 30. Qf4 Kh7 31. fxg6+ Qxg6 32. Rg3 Qh6 33. Qf3 Rg8 34. Rxg8 Kxg8 35. Qh3 Kh7 36. Qc8 Rc5 37. e5 Rxe5 38. Qxc7+ Kg6 39. Rxe5 Qc1+ 40. Kh2 Qf4+ 41. g3 Qf2+ 42. Kh3 Qf1+ 43. Kh2 1/2-1/2

[Event "Ankara Baskent Univ op 6th"]
[Site "Ankara"]
[Date "2023.08.15"]
[Round "1"]
[White "Annaberdiev, Meilis"]
[Black "Biyiksiz, Ali Batuhan"]
[Result "1-0"]
[WhiteElo "2482"]
[BlackElo "2102"]
[PlyCount "64"]
[EventDate "2023.08.15"]
[EventType "swiss"]
[EventRounds "9"]
[EventCountry "TUR"]
[SourceTitle "CBM 215 Extra"]
[Source "ChessBase"]
[SourceDate "2023.09.30"]
[SourceVersion "1"]
[SourceVersionDate "2023.09.30"]
[SourceQuality "1"]

1. d4 Nf6 2. Nf3 e6 3. Bg5 d5 4. Nbd2 Be7 5. e3 0-0 6. Bd3 Nbd7 7. c3 b6 8. Qa4 Bb7 9. Ne5 h6 10. Bxf6 Nxf6 11. 0-0 Ne4 12. Qc2 Nxd2 13. Qxd2 Bd6 14. f4 Bxe5 15. fxe5 f5 16. exf6 Rxf6 17. Rxf6 Qxf6 18. Rf1 Qe7 19. Qf2 a5 20. b3 a4 21. b4 Bc6 22. a3 Be8 23. Qg3 Bf7 24. Qf4 Rf8 25. h4 Qd6 26. h5 Rd8 27. g4 Be8 28. Kf2 Rc8 29. Ke1 c5 30. bxc5 bxc5 31. dxc5 Rxc5 32. Kd2 e5 1-0

[Event "Titled Tuesday intern op 08th Aug Late"]
[Site "Chess.com INT"]
[Date "2023.08.08"]
[Round "4"]
[White "Annaberdiev, Meilis"]
[Black "Sroczynski, Maciej"]
[Result "1/2-1/2"]
[WhiteElo "2482"]
[BlackElo "2271"]
[PlyCount "215"]
[EventDate "2023.08.08"]
[EventType "swiss (blitz)"]
[EventRounds "11"]
[EventCountry "USA"]
[SourceTitle "EXT 2024"]
[Source "ChessBase"]
[SourceDate "2023.10.10"]
[SourceVersion "1"]
[SourceVersionDate "2023.10.10"]
[SourceQuality "1"]

1. e4 c5 2. Nf3 d6 3. d4 cxd4 4. Qxd4 a6 5. Bc4 e5 6. Qd3 h6 7. Nc3 Nf6 8. 0-0 Be7 9. a4 Be6 10. Nh4 0-0 11. Nf5 Bxf5 12. exf5 Nc6 13. Nd5 Nxd5 14. Bxd5 Nb4 15. Qe4 Nxd5 16. Qxd5 Qc7 17. c3 Qc6 18. Rd1 Rac8 19. Be3 Rfd8 20. a5 Qd7 21. Bb6 Re8 22. Qxe5 Bd8 23. Rxd6 Rxe5 24. Rxd7 Bxb6 25. axb6 Rb5 26. Rxb7 Rxb2 27. Rc7 Rb8 28. g4 R8xb6 29. Re1 Rb1 30. Rxb1 Rxb1+ 31. Kg2 Rb2 32. h4 f6 33. Kf3 a5 34. Ke3 a4 35. Ra7 Rc2 36. Rxa4 Rxc3+ 37. Kf4 Rc2 38. f3 Rc1 39. Ra8+ Kf7 40. Ra7+ Kf8 41. Ke4 Rd1 42. Ra8+ Kf7 43. Ra7+ Kf8 44. Kf4 Re1 45. Rc7 Re2 46. Rc4 Re1 47. Re4 Rh1 48. Kg3 Rg1+ 49. Kh3 Rf1 50. Kg2 Ra1 51. Re2 Kf7 52. Kg3 Rg1+ 53. Rg2 Rf1 54. Kf4 Rh1 55. Kg3 Rf1 56. Rf2 Rg1+ 57. Kh2 Ra1 58. Rb2 Rf1 59. Rb7+ Kf8 60. Kg2 Rc1 61. Rb8+ Kf7 62. Rb2 Kf8 63. Re2 Kf7 64. Kg3 Kf8 65. Kf4 Rh1 66. Kg3 Rg1+ 67. Rg2 Rh1 68. f4 Rf1 69. Rf2 Rg1+ 70. Rg2 Rh1 71. g5 hxg5 72. fxg5 fxg5 73. hxg5 Ra1 74. Rc2 Ra4 75. Rc8+ Kf7 76. Rc7+ Kf8 77. g6 Rb4 78. Rf7+ Kg8 79. Rd7 Kf8 80. Kf3 Ra4 81. Rf7+ Kg8 82. Rd7 Kf8 83. Ke3 Rh4 84. Rf7+ Kg8 85. Re7 Kf8 86. Re4 Rh3+ 87. Kf4 Rh1 88. Ke5 Ra1 89. Rd4 Ra5+ 90. Rd5 Ra6 91. Rd6 Ra5+ 92. Ke6 Ra8 93. Rd7 Re8+ 94. Kd6 Re1 95. Rf7+ Kg8 96. Re7 Rd1+ 97. Ke6 Re1+ 98. Kd7 Rd1+ 99. Kc8 Rc1+ 100. Kd8 Rd1+ 101. Ke8 Rf1 102. Kd8 Rxf5 103. Re8+ Rf8 104. Ke7 Rxe8+ 105. Kxe8 Kh8 106. Ke7 Kg8 107. Ke8 Kh8 108. Kf7 1/2-1/2